000 00460nam a2200169Ia 4500
008 100416t2006 xxu||||| |||| 00| 0 sin d
041 _asin
080 _ax8S31
_bGUN
100 _aGunadeera, Somapala
245 _aපෙකනි වැලක දිග
246 _aPekani Valaka Diga ( LIB / 63 / 6 / 31 )
260 _bSarasavi
_aNugegoda
_c2006
300 _a139p., 21 cm
942 _cBK
999 _c72628
_d72628
003 LK-CoDNM
040 _aLK-CoDNM
_dLK-CoDNM
_eLK-CoDNM